000 01005nam a22003017a 4500
003 CHAP
005 20220329141621.0
008 971013s1982 r 00010 d
010 _a71087
011 _a72059
035 _a81613
040 _cCHAP
082 _a378.242
_bB34 1982
100 0 0 _aBaena Paz, Guillermina.
_99380
245 _aManual para elaborar trabajos de investigación documental
250 _a2 ed.
260 _aMéxico, D. F. :
_bEditores mexicanos,
_c1982
300 _a124 p.
590 _aBATCH-UPD
_b10
_c20130110
_lUCH01
_h1607
590 _aBATCH-UPD
_b10
_c20130410
_lUCH01
_h1003
590 _aBATCH-UPD
_b10
_c20130914
_lUCH01
_h0522
590 _aCONVERSION
_b10
_c20130109
_lUCH01
_h1339
650 1 4 _aTrabajos científicos
_xElaboración.
_9114562
901 _aBK
942 _cLIBRO
949 _a378.242 B34 1982
_bBC
_cLIBRO
_d33724000429866
_eLIBRO
_fc.2
_h61785
_i81613
_si
_t150.00
949 _a378.242 B34 1982
_bBC
_cLIBRO
_d33724000573168
_eLIBRO
_h58577
_i81613
_si
_t150.00
999 _c71087
_d71087